Statistics for NBA Teams

Click here to take the quiz!

General Stats

  • This quiz has been taken 8 times
  • The average score is 25 of 30

Answer Stats

ArenaDivisionTeam% Correct
TD GardenAtlanticBoston Celtics
100%
United CenterCentralChicago Bulls
100%
American Airlines CenterSouthwestDallas Mavericks
100%
Chase CenterPacificGolden State Warriors
100%
Crypto.com ArenaPacificLos Angeles Clippers
100%
Crypto.com ArenaPacificLos Angeles Lakers
100%
Madison Square GardenAtlanticNew York Knicks
100%
Wells Fargo CenterAtlanticPhiladelphia 76ers
100%
Ball ArenaNorthwestDenver Nuggets
86%
Little Ceasers ArenaCentralDetroit Pistons
86%
Gainbridge FieldhouseCentralIndiana Pacers
86%
Kaseya CenterSoutheastMiami Heat
86%
Fiseruv ForumCentralMilwaukee Bucks
86%
Target CenterNorthwestMinnesota Timberwolves
86%
Kia CenterSoutheastOrlando Magic
86%
Footprint CenterPacificPhoenix Suns
86%
Moda CenterNorthwestPortland Trailblazers
86%
Frost Bank CenterSouthwestSan Antonio Spurs
86%
Scotiabank ArenaAtlanticToronto Raptors
86%
Capital One ArenaSoutheastWashington Wizards
86%
State Farm ArenaSoutheastAtlanta Hawks
71%
Barclays CenterAtlanticBrooklyn Nets
71%
Spectrum CenterSoutheastCharlotte Hornets
71%
Rocket Mortgage FieldHouseCentralCleveland Cavaliers
71%
Toyota CenterSouthwestHouston Rockets
71%
FedEx ForumSouthwestMemphis Grizzlies
71%
Smoothie King CenterSouthwestNew Orleans Pelicans
71%
Paycom CenterNorthwestOklahoma City Thunder
71%
Delta CenterNorthwestUtah Jazz
71%
Golden 1 CenterPacificSacramento Kings
57%

Score Distribution

Percentile by Number Answered

Percent of People with Each Score

Your Score History

You have not taken this quiz